000 00838nam a2200265Ia 4500
003 OSt
005 20220918170839.0
006 a|||||r|||| 00| 0
007 ta
008 220917b |||||||| |||| 00| 0 eng d
020 _a9780745331485 (pbk)
_c1325.72
024 _a270,782
037 _b002/2013-14, 06/06/2013, Excel Book International
_cTextual
040 _aARTS
_cARTS
_beng
041 _2eng
_aeng
082 _aV58y7M79, Q2
100 _aTrotsky Leon
_931649
245 0 _aTrotsky writings in exile
260 _aLondon
_bPluto Press UK
_c2012
300 _aix, 238p.
_ccm.
650 _aHISTORY
700 _a Chattopadhyay Kunal Ed.
_931650
942 _hV58y7M79, Q2
_cTEXL
_2CC
999 _c136198
_d136198